| 000 | 003980000a22001570004500 | ||
|---|---|---|---|
| 001 | 001548 | ||
| 003 | MACL | ||
| 040 | _aMACL | ||
| 090 |
_c13541 _d13540 |
||
| 100 | _aDubey, S.P | ||
| 245 |
_aProblems Of Indian Philosophy _bFacts Of Recent Indian Philosophy _cS.P Dubey |
||
| 260 |
_aIndian Councial Of Philosophical Research, _c1996 |
||
| 350 | _a275 | ||
| 650 | _aPhilosophy | ||
| 942 |
_k100 _cBook |
||
| 999 |
_c13468 _d13468 |
||